000 00775nam a22002537a 4500
001 sjds
003 sjds
005 20220808221220.0
008 220523b mxx||||| |||| 00| 0 spad
020 _a9789501106091 (pbk.)
020 _a9501106098 (pbk.)
020 _a9789501180473 (series)
040 _csjds
041 _aspa
_heng
100 _aSmith, Kathie Billingslea
245 _aDonde? /
_ctextos de Kathie Billingslea Smith ; ilustraciones de Robert S. Storms ; traduccion de Olga Colella.
260 _amexico :
_bSigmar,
_c2004, c1987
300 _a24 unnumbered pages :
_bcolor illustrations ;
_c21 cm
440 _aColeccion Mil Preguntas
500 _aTranslation of: Where?
700 _aStorms, Robert S
700 _aColella, Olga.
942 _cBK
999 _c27026
_d27026